000 01181cpcaa2200301 a 4500
001 mm 80003525
003 DLC
005 20260227111702.0
008 800701|||||||||||| fre
010 _amm 80003525
040 _aDLC
_cDLC
_dDLC
_edacs
041 _afre
_ager
072 7 _aC
_2lcmd
100 1 _aTerrasson, Barthelemy.
245 0 0 _aBarthelemy Terrasson papers,
_f1773-1807.
300 _a54
_fitems.
506 0 _aOpen to research.
520 8 _aCorrespondence, financial records, and other papers pertaining to Terrasson's activities as French consul at Baltimore, Md. Most of the letters are written to Terrasson from associates in France.
545 0 _aFrench businessman.
546 _aCollection material in French, with German.
580 _aForms part of: Miscellaneous Manuscripts collection.
650 0 _aDiplomatic and consular service, French
_zUnited States.
651 0 _aBaltimore (Md.)
_xHistory.
656 7 _aBusinessmen.
_2itoamc
656 7 _aDiplomats, French.
_2itoamc
999 _c42689
_d42689